[Event "Graz Land-ch"]
[Site "Graz"]
[Date "2014.09.08"]
[Round "1"]
[White "Almer, Gerald"]
[Black "Korat, Franz"]
[Result "1-0"]
[WhiteElo "2080"]
[BlackElo "1933"]
[PlyCount "85"]
[EventDate "2014.09.08"]
[EventType "swiss"]
[EventRounds "7"]
[EventCountry "AUT"]
[SourceTitle "CBM 162 Extra"]
[Source "ChessBase"]
[SourceDate "2014.10.17"]
[SourceVersion "1"]
[SourceVersionDate "2014.10.17"]
[SourceQuality "1"]

1. d4 Nf6 2. Nf3 e6 3. c4 d5 4. e3 Be7 5. Nc3 0-0 6. Qb3 c6 7. Bd2 Nbd7 8. Be2 Re8 9. 0-0 Ne4 10. Nxe4 dxe4 11. Ne1 e5 12. Bc3 Bf6 13. d5 cxd5 14. cxd5 Nc5 15. Qd1 b6 16. b4 Nb7 17. f3 Nd6 18. Qb3 Bb7 19. Rd1 Rc8 20. Bb2 Rc7 21. fxe4 Nxe4 22. Bb5 Rf8 23. Bc6 Qd6 24. Bxb7 Rxb7 25. Qd3 Ng5 26. h4 e4 27. Qa6 Nf3+ 28. Nxf3 exf3 29. Bxf6 fxg2 30. Rf2 Rc7 31. Bg5 Qxb4 32. d6 Rd7 33. Be7 Re8 34. Qd3 g6 35. Qd4 Qa3 36. Qg4 Rexe7 37. dxe7 Rxd1+ 38. Qxd1 Qxe7 39. Qd4 h5 40. Qf6 Qd7 41. Rxg2 Qd1+ 42. Kh2 Qa4 43. Rd2 1-0